| 000 | 01240cam a22003497a 4500 | ||
|---|---|---|---|
| 003 | CHAP | ||
| 005 | 20220329132919.0 | ||
| 008 | 971013s1989 r 00010 d | ||
| 010 | _a199 | ||
| 011 | _a1171 | ||
| 035 | _a347 | ||
| 040 | _cCHAP | ||
| 090 | _aFolleto 12419 | ||
| 100 | 0 | 0 |
_aCasalet Ravena, Mónica. _919735 |
| 245 | 0 |
_aTecnología y organización del trabajo _b: la industria metalmecánica argentina |
|
| 260 |
_aMéxico, D.F. : _bUniversidad Autónoma Metropolitana. Unidad Xochimilco, _c1989 |
||
| 300 |
_a77 p. _b; gráfs. |
||
| 490 | 0 |
_aBreviarios de la investigación _v; 13 |
|
| 590 |
_aBATCH-UPD _b10 _c20130109 _lUCH01 _h2331 |
||
| 590 |
_aBATCH-UPD _b10 _c20130110 _lUCH01 _h0209 |
||
| 590 |
_aBATCH-UPD _b10 _c20130110 _lUCH01 _h2155 |
||
| 590 |
_aBATCH-UPD _b10 _c20130409 _lUCH01 _h1857 |
||
| 590 |
_aBATCH-UPD _b10 _c20130410 _lUCH01 _h1503 |
||
| 590 |
_aBATCH-UPD _b10 _c20130914 _lUCH01 _h0749 |
||
| 590 |
_aCONVERSION _b10 _c20130109 _lUCH01 _h1302 |
||
| 650 | 1 | 4 |
_aRelaciones industriales _xArgentina. _995818 |
| 650 | 1 | 4 |
_aTrabajo y trabajadores _xArgentina. _9114506 |
| 830 | 0 |
_aBreviarios de la investigación _v; 13 _915274 |
|
| 901 | _aBK | ||
| 942 | _cFOLL | ||
| 949 |
_aFolleto 12419 _bBC _cFOLL _d-9788 _eTS1 _i347 _si |
||
| 999 |
_c199 _d199 |
||